| 000 | 00572pam a2200217 a 4500 | ||
|---|---|---|---|
| 001 | 3278991 | ||
| 005 | 20180103043631.0 | ||
| 008 | 821006s1983 caua b 001 0 eng | ||
| 010 | _a 82019826 | ||
| 020 |
_a0933014821 (pbk.) : _c$15.00 (est.) |
||
| 040 |
_aDLC _cDLC _dDLC |
||
| 041 | _aeng | ||
| 080 | _a616.855 END | ||
| 082 | 0 | 0 |
_a616.855 END _219 |
| 100 | 1 | _a3 | |
| 101 | _aSHM | ||
| 245 | 1 | 0 |
_aFrenchay dysarthria assessment / _cPamela M. Enderby. |
| 504 | _aBibliography: p. 54. | ||
| 906 |
_a7 _bcbc _corignew _d1 _eocip _f19 _gy-gencatlg |
||
| 942 |
_2ddc _cBK |
||
| 999 |
_c39622 _d39622 |
||